<?xml version="1.0" encoding="UTF-8"?>
<record
    xmlns:xsi="http://www.w3.org/2001/XMLSchema-instance"
    xsi:schemaLocation="http://www.loc.gov/MARC21/slim http://www.loc.gov/standards/marcxml/schema/MARC21slim.xsd"
    xmlns="http://www.loc.gov/MARC21/slim">

  <leader>02007nam a22002537a 4500</leader>
  <controlfield tag="005">20221022094110.0</controlfield>
  <controlfield tag="008">221022b           ||||| |||| 00| 0 eng d</controlfield>
  <datafield tag="020" ind1=" " ind2=" ">
    <subfield code="a">9789354420023</subfield>
  </datafield>
  <datafield tag="040" ind1=" " ind2=" ">
    <subfield code="c">AL</subfield>
  </datafield>
  <datafield tag="041" ind1=" " ind2=" ">
    <subfield code="a">eng</subfield>
  </datafield>
  <datafield tag="082" ind1=" " ind2=" ">
    <subfield code="2">23</subfield>
    <subfield code="a">320.01</subfield>
    <subfield code="b">BANE</subfield>
  </datafield>
  <datafield tag="100" ind1=" " ind2=" ">
    <subfield code="a">Prathama Banerjee</subfield>
    <subfield code="9">60105</subfield>
  </datafield>
  <datafield tag="245" ind1=" " ind2=" ">
    <subfield code="a">Elementary aspects of the political: </subfield>
    <subfield code="b">Histories from the global south</subfield>
  </datafield>
  <datafield tag="260" ind1=" " ind2=" ">
    <subfield code="a">Hyderabad</subfield>
    <subfield code="b">Orient Blackswan</subfield>
    <subfield code="c">2021</subfield>
  </datafield>
  <datafield tag="300" ind1=" " ind2=" ">
    <subfield code="a">x,274p.</subfield>
    <subfield code="b">PB</subfield>
    <subfield code="c">22x15cm.</subfield>
  </datafield>
  <datafield tag="365" ind1=" " ind2=" ">
    <subfield code="2">Human Rights</subfield>
    <subfield code="a">4940</subfield>
    <subfield code="b">500.00</subfield>
    <subfield code="c">&#x20B9;</subfield>
    <subfield code="d">625.00</subfield>
    <subfield code="e">20%</subfield>
    <subfield code="f">17-10-2022</subfield>
  </datafield>
  <datafield tag="520" ind1=" " ind2=" ">
    <subfield code="a">Elementary Aspects of the Political studies the rise of modern politics in India between the late nineteenth and mid-twentieth centuries in the encounter between colonial modern, classical Indian, Indo-Persian and regional vernacular ideas.  It unpacks the modern conception of the political into four elementary aspects &#x2013; Self, Action, Idea and People &#x2013; and shows how each element is structured around a conceptual instability, rendering its very elementary status questionable.
Thus, the political self is split by the tension between renunciation and realpolitik; action is driven by the contradiction between labour and nishakama karma, each with its distinctive means-end configuration; the idea torn by its troubled relationships with the economic and the spiritual; and the people forever strung between being pure structure, namely the political party, and being pure fiction, namely the protagonist of theatre, novel and poetry.           
The book invites us to go beyond postcolonial and decolonial criticism and produce new political theory, inspired by ideas and experiences of the non-European world.
This book will be of interest to scholars and students of history, philosophy, political science, postcolonial theory, cultural and literary studies. </subfield>
  </datafield>
  <datafield tag="650" ind1=" " ind2=" ">
    <subfield code="a">The Self</subfield>
    <subfield code="9">60106</subfield>
  </datafield>
  <datafield tag="650" ind1=" " ind2=" ">
    <subfield code="a">Action</subfield>
    <subfield code="9">60107</subfield>
  </datafield>
  <datafield tag="650" ind1=" " ind2=" ">
    <subfield code="a">Idea </subfield>
    <subfield code="9">60108</subfield>
  </datafield>
  <datafield tag="650" ind1=" " ind2=" ">
    <subfield code="a">People</subfield>
    <subfield code="9">60109</subfield>
  </datafield>
  <datafield tag="700" ind1=" " ind2=" ">
    <subfield code="a">BANERJEE (Prathama)</subfield>
    <subfield code="9">60110</subfield>
  </datafield>
  <datafield tag="942" ind1=" " ind2=" ">
    <subfield code="2">ddc</subfield>
    <subfield code="c">BK</subfield>
  </datafield>
  <datafield tag="999" ind1=" " ind2=" ">
    <subfield code="c">224901</subfield>
    <subfield code="d">224901</subfield>
  </datafield>
  <datafield tag="952" ind1=" " ind2=" ">
    <subfield code="0">0</subfield>
    <subfield code="1">0</subfield>
    <subfield code="2">ddc</subfield>
    <subfield code="4">0</subfield>
    <subfield code="7">0</subfield>
    <subfield code="8">OTH</subfield>
    <subfield code="a">AL</subfield>
    <subfield code="b">AL</subfield>
    <subfield code="d">2022-10-21</subfield>
    <subfield code="e">Biblios Book Point, Surathkal, Mangalore-575014</subfield>
    <subfield code="g">500.00</subfield>
    <subfield code="l">1</subfield>
    <subfield code="o">320.01 BANE</subfield>
    <subfield code="p">076145</subfield>
    <subfield code="r">2023-08-02 00:00:00</subfield>
    <subfield code="s">2023-07-27</subfield>
    <subfield code="v">625.00</subfield>
    <subfield code="w">2022-10-22</subfield>
    <subfield code="y">BK</subfield>
  </datafield>
</record>
